000 00485cam a2200181ua 4500
020 _a81 7029 234 4
_c240.00
041 _aeng
_h
082 _a005.369
_bSIM/MA
100 _aSimpson, Alan .
245 _aMastering word perfect 6 for DOS special edition /
_cAlan Simpson.
_hTextual Documents
250 _a1 /
_b.
260 _aNew Delhi :
_bB P B Publishers ,
_c1993.
300 _a1254 ; .
365 _a240.00
504 _a
942 _cBK
999 _c9529
_d9529